Star Wars. Darth Bane - dynastie zla : příběh ze Staré republiky /
Třetí román subsérie ze světa Star Wars představuje sithského vládce Dartha Banea ve zralém věku a na nových misích, důležitých pro budoucnost jeho rasy.
Uloženo v:
| Série: | Star Wars,
část 3 |
|---|---|
| Hlavní autor: | |
| Další autoři: | |
| Médium: | E-kniha |
| Jazyk: | Czech |
| Vydáno: |
Praha :
Egmont Publishing,
2017
|
| Vydání: | První vydání |
| Témata: | |
| Příbuzné jednotky: | Z cyklu::
Star Wars |
| Tagy: |
Žádné tagy |
| LEADER | 02760nam a2200517 i 4500 | ||
|---|---|---|---|
| 001 | 311321 | ||
| 003 | CZ PrSKC | ||
| 005 | 20260601215703.0 | ||
| 007 | ta | ||
| 008 | 171030s2017 xr g 000 f cze | ||
| 015 | |a cnb002943912 | ||
| 020 | |a 9788025239919 |q (brožováno) : |c Kč 299,00 | ||
| 035 | |a (OCoLC)1015195171 | ||
| 040 | |a BOA001 |b cze |d ABA001 |e rda | ||
| 041 | 1 | |a cze |h eng | |
| 072 | 7 | |a 821.111-3 |x Anglická próza, anglicky psaná |2 Konspekt | |
| 080 | |a 821.111(71)-31 |2 MRF | ||
| 080 | |a (0:82-311.9) |2 MRF | ||
| 100 | 1 | |a Karpyshyn, Drew, |d 1971- |7 xx0093606 |4 aut | |
| 240 | 1 | 0 | |a Darth Bane. |l Česky |
| 245 | 1 | 0 | |a Star Wars. |p Darth Bane - dynastie zla : příběh ze Staré republiky / |c Drew Karpyshyn ; z anglického originálu Star Wars - Darth Bane, dynasty of evil přeložil Lubomír Šebesta |
| 246 | 3 | 0 | |a Darth Bane - dynastie zla |
| 246 | 3 | 0 | |a Dynastie zla |
| 250 | |a První vydání | ||
| 264 | 1 | |a Praha : |b Egmont Publishing, |c 2017 | |
| 300 | |a 331 stran ; |c 18 cm | ||
| 336 | |a text |b txt |2 rdacontent | ||
| 337 | |a bez média |b n |2 rdamedia | ||
| 338 | |a svazek |b nc |2 rdacarrier | ||
| 500 | |a Na obálce nad názvem: legends | ||
| 520 | 2 | |a Třetí román subsérie ze světa Star Wars představuje sithského vládce Dartha Banea ve zralém věku a na nových misích, důležitých pro budoucnost jeho rasy. | |
| 520 | 2 | |a Uplynulo dvacet let od doby, co Darth Bane, vládnoucí Temný pán ze Sithu, zničil pradávný řád oddaný temné straně a přetvořil ho pravidlem dvou. Jeho učednice Zannah se však zatím neukázala být hodnotnou nástupkyní. Bane ví, že sithský sen o nadvládě nad galaxií nesmí zemřít spolu s ním, a rozhodne se najít ztracený holokron dávného mistra Dartha Andeddua, který jediný může zajistit jemu i Sithům nesmrtelnost. Nakladatelská anotace. | |
| 521 | 8 | |a Pro čtenáře od 14 let | |
| 546 | |a Český text | ||
| 655 | 7 | |a kanadské romány (anglicky) |7 fd139325 |2 czenas | |
| 655 | 7 | |a vědecko-fantastické romány |7 fd133847 |2 czenas | |
| 655 | 9 | |a Canadian fiction (English) |2 eczenas | |
| 655 | 9 | |a science fiction novels |2 eczenas | |
| 700 | 1 | |a Šebesta, Lubomír |7 xx0084760 |4 trl | |
| 787 | 0 | 8 | |i Z cyklu: |t Star Wars |g 3 |
| 900 | |a ABA001 |b 21 | ||
| 928 | 9 | |a Egmont ČR | |
| 044 | |a xr | ||
| 910 | |a RBIT002 | ||
| 998 | |d 317741 |a https://core.palmknihy.cz/api/books/317741/cover?si8i1e |b https://core.palmknihy.cz/api/books/317741/cover/400?si8i1e |c https://core.palmknihy.cz/api/books/317741/cover/50?si8i1e |e 2026-12-31 |g 336 |i 9788025239919 |j https://core.palmknihy.cz/api/books/317741/preview.epub |k https://core.palmknihy.cz/api/books/317741/preview.pdf |l |q 49 |r 1 |s https://www.palmknihy.cz/kniha/317741 |t ebook |y 2021 |z 0 |v Star Wars - Darth Bane |w 3 | ||
| 999 | |d 311319 | ||